Misael Solís: un siglo en Zarcero (Registro nro. 3482)
[ vista simple ]
| 000 -CABECERA | |
|---|---|
| campo de control de longitud fija | 00724aam a2200265 4500 |
| 005 - FECHA Y HORA DE ACTUALIZACIÓN | |
| campo de control | 20161122134102.0 |
| 008 - LONGITUD FIJA | |
| campo de control de longitud fija | 150227b xxu||||| |||| 00| 0 ES d |
| 041 ## - IDIOMA | |
| Código de idioma del texto/pista de sonido o título separado | |
| 082 ## - CLASIFICACIÓN DECIMAL DEWEY | |
| Número de clasificación | 972.865 M977m |
| 100 ## - AUTOR PERSONAL | |
| Nombre de persona | Murillo Vargas, Juan Ramón |
| 245 ## - TÍTULO PROPIAMENTE DICHO | |
| Título | Misael Solís: un siglo en Zarcero |
| 260 ## - PIE DE IMPRENTA | |
| Lugar de publicación, distribución, etc. | Costa Rica |
| Nombre del editor, distribuidor, etc. | EUNED |
| Fecha de publicación, distribución, etc. | 2009 |
| 300 ## - DESCRIPCIÓN FÍSICA | |
| Extensión | 232 páginas |
| 650 ## - Materia General | |
| Materia general | COSTA RICA |
| 650 ## - Materia General | |
| Materia general | GEOGRAFÍA |
| 650 ## - Materia General | |
| Materia general | ZARCERO |
| 650 ## - Materia General | |
| Materia general | ALAJUELA |
| 650 ## - Materia General | |
| Materia general | HISTORIA |
| 650 ## - Materia General | |
| Materia general | CANTONES DE COSTA RICA |
| 650 ## - Materia General | |
| Materia general | CONDICIONES GEOGRÁFICAS |
| 650 ## - Materia General | |
| Materia general | ECONOMÍA |
| 650 ## - Materia General | |
| Materia general | CULTURA |
| 650 ## - Materia General | |
| Materia general | EDUCACIÓN |
| 942 ## - Punto de Acceso Adicional Koha | |
| Tipo de ítem Koha | Libro |
| Estado perdido | Estado dañado | No para préstamo | Biblioteca permanente | Biblioteca actual | Signatura completa | Código de barras | Precio efectivo a partir del | Tipo de ítem |
|---|---|---|---|---|---|---|---|---|
| Departamento de Biblioteca y Documentación Alfonso Chase Brenes | Departamento de Biblioteca y Documentación Alfonso Chase Brenes | 972.865 M977m | 19062 | 27/10/2016 | Libro | |||
| Departamento de Biblioteca y Documentación Alfonso Chase Brenes | Departamento de Biblioteca y Documentación Alfonso Chase Brenes | 972.865 M977m | 18282 | 27/10/2016 | Libro |